Statistics for Words that have AEIOU #1

Click here to take the quiz!

General Stats

  • This quiz has been taken 34 times
  • The average score is 7 of 16

Answer Stats

HintStarting
Letter
Answer% Correct
The process of schoolingEEducation
94%
A four-wheeled vehicle with an engineAAutomobile
74%
Using both or either hands with equal easeAAmbidextrous
61%
A formal mathematical statementEEquation
58%
Inflammation of the lungs; typically an infectionPPneumonia
55%
Determination of value or qualityEEvaluation
52%
Preferring social environments, e.g., social animalsGGregarious
39%
A small hand drum, oft used by hippiesTTambourine
39%
A person who enjoys high-quality soundAAudiophile
35%
One who desires to turn society upside-downRRevolutionary
35%
Positive and giving hope; cheering someone onEEncouraging
29%
To remove, or to withdraw due to dangerEEvacuation
29%
To convey knowledge or informationCCommunicate
26%
A feeling of happiness or contentment; elationEEuphoria
23%
A cultivar related to the cabbageCCauliflower
19%
Innovative, pioneering; reaching new heightsGGroundbreaking
6%

Score Distribution

Percentile by Number Answered

Percent of People with Each Score

Your Score History

You have not taken this quiz